000 00709nam a2200205Ii 4500
003 JO-AjNU
008 230605s9999||||xx |||||||||||||| ||und||
017 _a1986/3646
040 _aJO-AjNU
_bara
_erda
_cJO-AjNU
041 _aara
050 1 4 _aBP163.A5564 1986
100 3 _aهاشم، أحمد عمر,
_eauthor
_938719
245 0 0 _aالأمن في الإسلام
264 3 1 _aد.م: دار المنار للطبع والنشر والتوزيع، 1986
300 _a109ص
336 _atext
_btxt
_2rdacontent
337 _aunmediated
_bn
_2rdamedia
338 _avolume
_bnc
_2rdacarrier
650 4 _aالنظام الاداري في الاسلام- الاسلام والامن الداخلي
_938720
999 _aA16291
_c19859
_d19859